000 01249nam0a22002411i 4500
001 rc\4896777
005 20240724140026.0
021 _aRU
_b[62-25905]
035 _a(NLR Aleph) 008832151
090 _a8289231
_c8289231
100 _a20130426d1962 |||y0rusy50 ca
101 0 _arus
102 _aRU
105 _ay d |||||
200 1 _aЕстественные промывочные растворы при бурении скважин
_e(Основы теории и практики применения)
_eАвтореферат дис. на соискание ученой степени доктора технических наук
_fГос. ком. Совета Министров СССР по топливной пром-сти. Ин-т геологии и разработки горючих ископаемых. М-во высш. и сред. спец. образования РСФСР. Всесоюз. заоч. политехн. ин-т
210 _aМосква
_d1962
215 _a21 с.
_d21
320 _aСписок работ автора: с. 20-21
700 1 _aЯтров
_bС.Н.
_gСергей Николаевич
801 0 _aRU
_bNLR
_gpsbo
801 1 _aRU
_bELAR
_2rusmarc
852 _aNLR
_j62-6/5324
942 _cBOOK